Guide to participating nations and personalities, Commonwealth Heads of Government Meeting, Melbourne, Australia, September 30-October 7, 1981.

Kaydedildi:
Detaylı Bibliyografya
Müşterek Yazar: Commonwealth Heads of Government Meeting
Materyal Türü: Konferans Sunumu Kitap
Dil:English
Baskı/Yayın Bilgisi: Melbourne : [Australian Government for CHOGM], 1981.
Konular:
LEADER 01426nam a2200325 a 4500
001 c000166400
003 CARM
005 20030623121259.0
008 820310s1981 at c f000 0 eng d
019 1 |a 2185874  |z 4091057  |z 42641776  |5 LACONCORD2021 
020 |a 0642892059 :  |c price unknown 
035 |a (OCoLC)27516261  |5 LACONCORD2021 
040 |a ANB  |b eng  |c ANB  |d ANB 
042 |a anuc 
082 0 4 |a 19 
082 0 4 |a 327/.09171241 
082 0 4 |a 909/.09171241 
082 0 4 |a 327/.9171241 
245 0 0 |a Guide to participating nations and personalities, Commonwealth Heads of Government Meeting, Melbourne, Australia, September 30-October 7, 1981. 
260 |a Melbourne :  |b [Australian Government for CHOGM],  |c 1981. 
300 |a 177 p. :  |b ports. ;  |c 25 cm. 
500 |a Commonwealth Heads of Government Meeting (1981 : Melbourne, Vic.). Delegates. Biographies (ANB/PRECIS SIN 054535x) 
500 |a Commonwealth countries (ANB/PRECIS SIN 0545368) 
500 |a Cover title. 
610 2 0 |a Commonwealth Heads of Government Meeting,  |d (1981 :  |c Melbourne, Vic.) 
651 0 |a Commonwealth countries. 
711 2 |a Commonwealth Heads of Government Meeting,  |d (1981 :  |c Melbourne, Vic.) 
852 8 |b CARM  |h A2:AN25F0  |i C06025  |p 0230143  |f BK 
999 f f |i cc7ec01a-b345-5f4a-9ba8-5f282c3ac865  |s c2067f64-871c-5329-bc76-d12c93c2cd57 
952 f f |p Can circulate  |a CAVAL  |b CAVAL  |c CAVAL  |d CARM 1 Store  |e C06025  |f A2:AN25F0  |h Other scheme  |i book  |m 0230143